| 000 | 01058cam a2200277 a 4500 | ||
|---|---|---|---|
| 001 | 000015766 | ||
| 005 | 20200929164139.0 | ||
| 008 | 870504s1985 cu 000 0 spa | ||
| 040 |
_aDO-SdBNP _cDLC _dDLC |
||
| 043 |
_anwcu--- _acl----- |
||
| 082 |
_a070.44 _bC355n |
||
| 100 | 1 |
_aCastro, Fidel, _d1926- _q(Fidel Alejandro Castro Ruz) _935477 |
|
| 245 | 1 | 0 |
_aNada podra detener la marcha de la historia : _bentrevista concedida a Jeffrey Elliot y Mervin Dymally sobre múltiples temas económicos, políticos e históricos / _cFidel Castro ; edición Nora Madan. |
| 260 |
_aLa Habana, Cuba : _bPolítica, _c1985. |
||
| 300 |
_a237 p. ; _c21 cm. |
||
| 650 | 4 |
_aPeriodismo _929 |
|
| 650 | 4 |
_aEntrevista _935478 |
|
| 651 | 4 |
_aCuba _xPolítica Y Gobierno _y1959-1990 _95620 |
|
| 651 | 4 |
_aAmérica Latina _xPolítica Y Gobierno _y1948- _929391 |
|
| 700 | 1 |
_aElliot, Jeffrey M. _935479 |
|
| 700 | 1 |
_aDymally, Mervyn M., _d1926- _935480 |
|
| 700 | 1 |
_aNora, Madan _eed. _935481 |
|
| 910 | _aCatalogación por copia / LC | ||
| 082 | 0 | 0 |
_a972.91/064 _219 |
| 049 | _aBNGR | ||
| 999 |
_c15314 _d15314 |
||